| 000 | 00555nam a2200193 4500 | ||
|---|---|---|---|
| 003 | OSt | ||
| 005 | 20160226192107.0 | ||
| 008 | 160226b xxu||||| |||| 00| 0 eng d | ||
| 020 | _a0855984341 | ||
| 040 | _c040a | ||
| 082 |
_a338.9 _bWAT 2000 |
||
| 100 |
_aWatt, Patrick _96855 |
||
| 245 |
_aSocial investment and economic growth : _ba strategy to eradicate poverty / _cPatrick Watt |
||
| 260 |
_aOxford _bOxfam publication _c2000 |
||
| 300 |
_ai, 160p; _bill : _c8 cm. |
||
| 504 | _aincludes index | ||
| 650 |
_aEconomic growth _96856 |
||
| 942 |
_2ddc _cSLOAN |
||
| 999 |
_c3092 _d3092 |
||